Optimalizácia syntézy nových luminogénnych substrátov glykozidáz na báze stabilných adamantylidén-dioxetánov
Na minha lista:
| Autor principal: | |
|---|---|
| Outros Autores: | |
| Formato: | Manuscrito Livro |
| Idioma: | eslovaco |
| Publicado em: |
2025
|
| Assuntos: | |
| Acesso em linha: | http://is.stuba.sk/zp/portal_zp.pl?podrobnosti=183364 |
| Tags: |
Sem tags, seja o primeiro a adicionar uma tag!
|
MARC
| LEADER | 00000ntm a22000003a 4500 | ||
|---|---|---|---|
| 001 | stuzp105221 | ||
| 003 | SK-STU | ||
| 005 | 20250607211320.0 | ||
| 007 | ta | ||
| 008 | 150427s2015----xo-----f-mn---000-0-slo-d | ||
| 040 | |a STU |b slo | ||
| 041 | 0 | |a slo | |
| 100 | 1 | |a Sagová, Simona |u 048140 |4 aut |U FCHPT Ústav organickej chémie, katalýzy a petrochémie |T FCHPT Oddelenie organickej chémie |X 111896 |U C8140 |Y 124 |7 111896 | |
| 242 | 0 | 1 | |a Optimisation of synthesis of new chemiluminescent glycosidase substrates with adamantylidene dioxetane unit |y eng |
| 245 | 1 | 0 | |a Optimalizácia syntézy nových luminogénnych substrátov glykozidáz na báze stabilných adamantylidén-dioxetánov |
| 260 | |c 2025 | ||
| 650 | 4 | |a α-L-fucosidase |2 eng | |
| 650 | 4 | |a enzyme detection |2 eng | |
| 650 | 4 | |a AquaSpark |2 eng | |
| 650 | 4 | |a cyclooxidation reaction |2 eng | |
| 650 | 4 | |a chemiluminescence |2 eng | |
| 650 | 4 | |a dioxetane |2 eng | |
| 650 | 4 | |a AquaSpark |2 slo | |
| 650 | 4 | |a cyklooxidačná reakcia |2 slo | |
| 650 | 4 | |a α-L-fukozidáza |2 slo | |
| 650 | 4 | |a enzýmová detekcia |2 slo | |
| 650 | 4 | |a chemiluminiscencia |2 slo | |
| 650 | 4 | |a dioxetán |2 slo | |
| 700 | 1 | |a Babjak, Matej |u 048140 |k Z1 |4 ths |U FCHPT Ústav organickej chémie, katalýzy a petrochémie |T FCHPT Oddelenie organickej chémie |X 3911 |U C8140 |Y 124 |7 A000003911 | |
| 856 | 4 | |u http://is.stuba.sk/zp/portal_zp.pl?podrobnosti=183364 | |